[Event "Gelsenkirchen"]
[Site "Gelsenkirchen"]
[Date "1996.??.??"]
[Round "3"]
[White "Thiel, Thomas"]
[Black "Tyomkin, Dimitri"]
[Result "1-0"]
[WhiteElo "2325"]
[BlackElo "2340"]
[Annotator "Tyomkin,D"]
[PlyCount "89"]
[EventDate "1996.??.??"]
[EventType "simul"]
[EventRounds "2"]
[EventCountry "GER"]
[SourceTitle "CBM 055"]
[Source "ChessBase"]
[SourceDate "1996.12.01"]
[SourceVersion "1"]
[SourceVersionDate "1996.12.01"]
[SourceQuality "1"]

1. e4 c5 2. Nf3 d6 3. Bb5+ Bd7 4. Bxd7+ Qxd7 5. O-O Nc6 6. c3 Nf6 7. d4 Nxe4 8.
d5 Ne5 9. Nxe5 dxe5 10. Re1 Nf6 (10... Nd6 $5 11. Rxe5 g6 {Main line}) 11. Rxe5
(11. c4 O-O-O 12. Nc3 e6 13. Bg5 (13. Rxe5 {see-11.Rxe5}) 13... Be7 14. Rxe5 h6
15. Bh4 Nxd5 16. cxd5 Bxh4 17. Qg4 Bf6 18. dxe6 fxe6 19. Rxc5+ Kb8 20. h3 Bd4
21. Rd1 Qe7 22. Rc4 e5 $15 {Egin,V-Makarichev,S/Tallinn rapid Cup-URS (04) ;
EXT 88 1988 (34) 0-1}) 11... e6 12. c4 Bd6 (12... O-O-O 13. Nc3 exd5 (13... Bd6
14. dxe6 Qc7 15. e7 Bxe5 16. exd8=Q+ Rxd8 17. Qf3 Bxh2+ 18. Kf1 Be5 19. Qf5+
Nd7 20. Nd5 Qd6 21. Qxh7 Qe6 (21... Nf6 $142) 22. Bg5 Re8 $13 {Sosna,J-Voller,
J/CZE-ch (04) ;TD 94\03 1994 (30) 1/2-1/2}) 14. cxd5 (14. Nxd5 Nxd5 $2 (14...
Ng4 15. Re1 Bd6) 15. Rxd5 Bd6 16. Bf4 Bxf4 17. Rxd7 Rxd7 18. Qh5 $16 {/+-
Balinov,I-Gruszka,H/Donau op (02) ;TD 92\04 1992/1-0 (55)}) 14... Bd6 15. Re2 (
15. Re1 {-see12..Bd6}) 15... Qf5 16. Qc2 $6 (16. Be3 $5) 16... Qh5 17. h3 Nxd5
18. Ne4 Nb4 19. Qc4 Bc7 20. Be3 $132 Nd5 21. Bxc5 Nf4 22. Rc2 Rd1+ 23. Rxd1
Qxd1+ 24. Kh2 b5 25. Qb3 Rd8 26. Be3 Ne2+ 27. f4 (27. Rxc7+ $5 Kxc7 28. Qxf7+
Qd7 29. Qf3) 27... Rd7 28. g3 (28. Rxc7+ $1 Kxc7 29. Qxb5 $40 Qd3 $140 $2 30.
Qe5+) 28... Kd8 29. Nc5 $2 (29. Qb4 $1 $16) 29... Qe1 30. Ne4 $4 (30. Nb7+ $142
Kc8 31. Bxa7) 30... Rd1 31. Rxe2 {0-1 Turner,M-Coleman,D/BCF-ch (04) ;TD 94/03
1994}) 13. Re1 (13. dxe6 fxe6 14. Re1 O-O-O (14... O-O 15. Nc3 Qc7 16. g3 Rad8
17. Qc2 Kh8 (17... Qf7 $142 18. Bg5 $14) 18. Bg5 Rde8 19. Rad1 Qc6 20. Rd2 e5
21. Bxf6 gxf6 22. Red1 Rd8 23. Qe4 $16 {Curdo,J-Buehl,W/US op Chicago (02) ;
EXT 94 1994 (40) 1-0}) 15. Nc3 $14 {Shirov,A-50/215}) 13... O-O $146 (13...
O-O-O 14. Nc3 exd5 15. cxd5 (15. Nxd5 Nxd5 16. cxd5 (16. Qxd5 Rhe8 17. Rxe8
Qxe8 $1 (17... Rxe8 18. Be3 Re5 19. Qd2 (19. Qd3 $6 Rh5 20. f4 Rxh2 21. Rd1 Rh6
) (19. Qf3 Qe6 20. Rd1 Bc7 21. b3 $14) 19... Re6 20. Rd1 $14) 18. Qf5+ Kb8 19.
Bf4 {1/2-1/2 Curdo,J-Davin,P/Philadelphia World op (03) ;EXT 95op 1995} (19.
Be3 g6 20. Qf6 (20. Qf3 Qe5) 20... Be5 21. Bf4 $10)) 16... Rhe8 17. Rxe8 Rxe8
18. Be3 Re5 19. Rc1 Kb8 20. g3 Qe7 21. b4 cxb4 22. Qc2 Qd7 $2 (22... Qe8 $1)
23. Qxh7 $16 {Nadyrhanov S-Bigaliev Renat/It (open), Moscow (Russia) (6) 1995 
(49) 1-0}) 15... Rhe8 $5 (15... Qf5 16. Be3 Rhe8 (16... Ng4 $5 17. h3 Bh2+ 18.
Kh1 Nxe3 19. Rxe3 Be5 $132 20. Rf3 Qd7) 17. h3 (17. Nb5 $5) 17... Re5 $6 (17...
Qe5 $5 18. f4 $140 Qf5) 18. Qa4 a6 19. Rac1 Nxd5 $2 (19... Kb8 $142 20. Qa5 Rc8
21. Na4 $1 (21. b4 Nxd5) (21. Qb6 Bf8 $1) 21... Nxd5 22. Nxc5 Nxe3 (22... Bxc5
23. Bxc5 Rxe1+ 24. Rxe1 $14) 23. Nxa6+ Ka7 24. Nc5+ Kb8 25. Na6+ $10) 20. Nxd5
Rxd5 21. b4 c4 (21... Kb8 22. bxc5 Bxc5 23. g4 Qc8 24. Qf4+ Ka8 25. Qxf7 $16)
22. Bb6 Rd2 23. Rxc4+ Kb8 24. Qe8 $1 Bc5 25. Qxd8+ Rxd8 26. Rxc5 Qd7 27. Bxd8
Qxd8 28. a3 $16 {Kalegin,E-Benderac,S/Novi Sad op (03) ;EXT 89op 1989 1-0}) 16.
Bg5 (16. Be3 $6 Ng4) 16... Rxe1+ 17. Qxe1 Qf5 $5 (17... Re8 18. Qd2 Be5 (18...
Ne4 19. Nxe4 Rxe4 20. Rc1 Kb8 21. Be3 $14) 19. Rc1 Bxc3 20. Qxc3 Ne4 21. Qxg7 (
21. Qa3 $2 Nxg5 (21... Re5 $5 22. Rxc5+ (22. Qxa7 $2 Rxg5) 22... Nxc5 23. Qxc5+
Qc6 $1) 22. Qxa7 Qb5 $17) 21... Qxd5 22. Be3 Rd8 23. h3 $14) 18. Qd2 Be5 $132
19. Rc1 $140 $2 Bxc3) 14. Bg5 $1 (14. Nc3 $6 exd5 (14... e5 15. Bg5 Ne8 16. Ne4
f6 (16... f5 17. Nxd6 Qxd6 18. Qe2 h6 19. Bd2 e4 $14) 17. Bd2 (17. Be3 b6 {
with the idea f5}) 17... f5 18. Ng5 (18. Nxd6 Nxd6 19. Rxe5 $2 (19. b3) 19...
Nxc4) 18... Nc7 $15) 15. Nxd5 (15. cxd5 $6 Rfe8 $15 16. Bg5 $140 Be5 (16... Ng4
17. h3 Bh2+ $2 18. Kf1 Nxf2 19. Qf3 $16)) 15... Nxd5 16. Qxd5 (16. cxd5 $6 Rfe8
{xPd5} (16... Rfd8 17. Qf3) 17. Be3 Re5 18. f4 Re7 $17) 16... Qc7 17. h3 Rfe8
18. Rxe8+ Rxe8 19. Be3 $14) 14... e5 (14... Ne8 15. Qg4 $1 Qc7 (15... f5 16.
dxe6 Qxe6 $1 17. Rxe6 fxg4 18. Nc3 Rf5 19. Rae1 Kf7 20. Be7 $16) 16. dxe6 Bxh2+
(16... f6 17. Bd2 Bxh2+ {-see16..Bxh2}) 17. Kh1 fxe6 (17... f6 18. Bd2 Be5 19.
Nc3 $16) (17... f5 18. Qh5 (18. Qe2 $5) 18... Be5 $16) 18. Qxe6+ Kh8 19. Nc3
$16) 15. Bxf6 gxf6 16. Nc3 (16. Qh5 $1 Kh8 (16... f5 17. Qg5+ Kh8 18. Qf6+ Kg8
19. Nc3 $16) 17. Nc3 (17. Re3 Rg8 18. Rh3 Rg7 19. Nc3 f5 20. Nb5 Bf8 21. d6 (
21. Rf3 f4 $1) 21... Rd8 (21... a6 22. Nc7 Rd8 23. Nd5 Qe6 24. Ne3) 22. Rf3 f4
$1) 17... Rg8 18. Ne4 (18. Re3 Rg6) 18... Rg6 19. b4 $1 $16 (19. Qh4 Qe7) 19...
cxb4 20. c5 Bf8 21. Rad1 (21. Red1 $5 Rc8 22. Rac1) 21... Rc8 (21... f5 22. Ng5
h6 23. Nf3) 22. d6 $16 f5 $140 23. Ng3 (23. Ng5 f6)) 16... f5 (16... Kh8 17.
Qh5 (17. Ne4 f5 18. Nxd6 Qxd6 19. Qf3 (19. Qh5 Qf6 20. Rad1 Rad8) 19... f4 (
19... Qf6 20. Qe3 $16) 20. Re2 $14 {Black's position is still strong.}) 17...
Rg8 $16 {-see16.Qh5} (17... f5 {-see the game})) 17. Qh5 (17. Nb5 Bb8 18. Qh5
f6) 17... Kh8 $2 (17... f6 $142 $1 18. Rad1 a6 19. b3 b5 $132) 18. Nb5 Bb8 19.
Qh6 (19. d6 f6 20. Rad1 a6 21. Nc7 Bxc7 22. dxc7 Qxc7 (22... Qe6 23. Rd5) 23.
Qxf5 Rad8 $14) 19... Rg8 (19... Rd8 20. d6 $1 (20. Qf6+ Kg8 21. d6 Bxd6 22.
Nxd6 (22. Rad1 Be7 $1) 22... Qxd6 23. Qxf5 f6 24. Qg4+ Kh8 25. Rad1 $14) 20...
e4 (20... a6 $2 21. Rxe5) 21. Qf6+ Kg8 22. Rad1 $18) (19... Re8 20. Re3 $16)
20. Qf6+ Rg7 21. d6 $1 $16 a6 (21... Qc6 22. g3 a6 23. Rxe5 $1 axb5 24. Rd1 Ba7
25. cxb5 Qf3 26. Rde1 $18) 22. Nc7 (22. Rxe5 $6 axb5 23. Rd1 Ba7 (23... bxc4
24. Re7 Qc6 25. g3 Ba7 26. Rxf7 Rag8 27. Re1 $18) 24. Re7 (24. cxb5 $5) 24...
Qc6 25. g3 Rf8 26. cxb5 Qf3 27. Rde1 c4 $17) 22... Bxc7 $2 (22... Qc6 23. Nd5
Bxd6 24. Qxf5 Rag8 25. g3 $16) 23. dxc7 Qxc7 (23... e4 24. Rad1 Qxc7 25. Qxf5
$18) 24. Rxe5 $18 Qc6 25. Qxc6 bxc6 26. Rxf5 Rd8 27. g3 Rd2 28. b3 Kg8 29. Re1
Kf8 30. Rfe5 Rg6 31. R1e2 Rgd6 32. Rxd2 Rxd2 33. Rxc5 Rxa2 34. Rxc6 Rb2 35.
Rxa6 Rxb3 36. Ra8+ Ke7 37. Rh8 Rc3 38. Rxh7 Rxc4 39. Rh8 Kf6 40. Rg8 Ke7 41. h4
f6 42. Rg7+ Ke6 43. Kg2 Kf5 44. h5 Rc8 45. h6 1-0

[Event "Bundesliga 0102"]
[Site "Germany"]
[Date "2001.11.24"]
[Round "3.6"]
[White "Casper, Thomas"]
[Black "Stangl, Markus"]
[Result "1-0"]
[WhiteElo "2409"]
[BlackElo "2457"]
[Annotator "Wells,P"]
[PlyCount "107"]
[EventDate "2001.10.06"]
[EventType "team-tourn"]
[EventRounds "15"]
[EventCountry "GER"]
[SourceTitle "CBM 087"]
[Source "ChessBase"]
[SourceDate "2002.03.21"]
[SourceVersion "1"]
[SourceVersionDate "2002.03.21"]
[SourceQuality "1"]
[WhiteTeam "Erfurt SK"]
[BlackTeam "Tegernsee"]
[WhiteTeamCountry "GER"]
[BlackTeamCountry "GER"]

1. e4 c5 2. Nf3 d6 3. Bb5+ Bd7 4. Bxd7+ Nxd7 5. O-O Ngf6 6. Re1 e6 7. c3 Rc8 $6
{[%csl Ra7,Rb7][%cal Gd1a4,Gc8c1]} 8. d4 cxd4 9. cxd4 d5 10. e5 Ne4 11. Nbd2
Nxd2 12. Bxd2 Qb6 (12... Be7 13. Qa4 $16 {[%csl Ra7,Rd7][%cal Gd8b6] That
weakened a7 pawn again!}) 13. Rc1 $1 {[%csl Rc8]} Rc6 14. Rxc6 bxc6 15. Qa4 Be7
16. Rc1 Nb8 17. Rc3 $6 {I don't like this. Indeed, as I implied in the text,
if black could actually force the freeing ...c5 against best play, then 7...
Rc8?! would be redeemed. But really, the c6 pawn should be weak, and I think
the thematic way to prove it is} (17. b3 $1 O-O (17... h6 18. Ne1 $5 (18. a3
O-O 19. Bb4 Bxb4 20. axb4 {is less clear. The b-pawns carry their own
problematic baggage too.}) 18... O-O 19. Nd3) 18. Bg5 $1 f6 $140 19. Bf4 fxe5
20. Bxe5 {[%csl Rc6,Ye5]}) 17... O-O 18. Rb3 Qc7 19. Bb4 Bxb4 20. Qxb4 Nd7 21.
Qb7 Rc8 22. Ne1 c5 23. Qxc7 Rxc7 24. dxc5 h6 25. Nd3 Nxc5 26. Rc3 Na6 27. Rxc7
Nxc7 28. f4 Kf8 29. Kf2 Ke7 30. Ke3 Kd7 31. g4 g6 32. h4 h5 33. gxh5 gxh5 34.
f5 Kc6 35. Nf4 exf5 36. Nxh5 Ne6 37. Nf6 d4+ 38. Kf3 Kc5 39. h5 Ng5+ 40. Kf4 d3
41. Ke3 Kc4 42. b3+ Kc3 43. Nd5+ Kb2 44. Kxd3 Kxa2 45. Kc3 Nf3 46. Nb4+ Ka3 47.
Nc6 f4 48. Nxa7 Nxe5 49. Nb5+ Ka2 50. Nd4 f3 51. Nxf3 Nxf3 52. h6 Ng5 53. b4 f5
54. b5 1-0

[Event "Montreal 2nd"]
[Site "Montreal"]
[Date "2001.08.07"]
[Round "6"]
[White "Oral, Tomas"]
[Black "Krush, Irina"]
[Result "1-0"]
[WhiteElo "2540"]
[BlackElo "2421"]
[Annotator "Wells,P"]
[PlyCount "51"]
[EventDate "2001.08.02"]
[EventType "tourn"]
[EventRounds "11"]
[EventCountry "CAN"]
[EventCategory "9"]
[SourceTitle "CBM 085"]
[Source "ChessBase"]
[SourceDate "2001.11.13"]
[SourceVersion "1"]
[SourceVersionDate "2001.11.13"]
[SourceQuality "1"]

1. e4 c5 2. Nf3 d6 3. Bb5+ Bd7 4. Bxd7+ Qxd7 5. c4 Nc6 6. Nc3 Nf6 7. d4 cxd4 8.
Nxd4 Qg4 9. Qxg4 Nxg4 10. Nxc6 bxc6 11. Bf4 Rb8 12. h3 Nf6 13. O-O-O Nd7 14.
Rhe1 g6 15. e5 $1 dxe5 16. Rxe5 $1 {Tactics for positional ends. Black will
have two isolated pawns for precious little compensation. A 'pure' case for
the author, and a nightmare for the defender!} Bg7 (16... Bh6 $2 17. Bxh6 Nxe5
18. Bg7 $18) 17. Ra5 {[%csl Ra7,Rc6]} Rb7 (17... Bxc3 18. bxc3 Rb7 19. Be3 $18)
18. Na4 {[%csl Ra7,Gc5,Rc6][%cal Ga4c5] Familiar stuff - the square in front
of the pawn is the focus.} O-O 19. b3 f5 20. Be3 Ra8 21. Ra6 Rc7 22. Rxd7 $1 {
A simple conversion. Isolated pawns do not guarantee dynamic compensation..}
Rxd7 23. Nb6 axb6 24. Rxa8+ Kf7 25. Bxb6 Bh6+ 26. Kc2 1-0